[Event "DM i Hurtigskak 2021"]
[Site "Hvidovre"]
[Date "2021.11.28"]
[Round "4"]
[White "Bjerre, Jonas Buhl"]
[Black "Hector, Jonny"]
[Result "1-0"]
[WhiteElo "2434"]
[BlackElo "2508"]
[PlyCount "145"]
[EventDate "2021.11.28"]
[EventType "swiss (rapid)"]
[EventRounds "7"]
[EventCountry "DEN"]

1. d4 d5 2. c4 c6 3. Nf3 Nf6 4. Nbd2 dxc4 5. Nxc4 Bf5 6. e3 e6 7. Be2 Bb4+ 8.
Bd2 Bxd2+ 9. Qxd2 Ne4 10. Qb4 b5 11. Na5 Qb6 12. Rc1 Na6 13. Qa3 Rc8 14. O-O f6
15. Nh4 Kf7 16. f3 Ng5 17. f4 Ne4 18. g4 Bg6 19. f5 c5 20. dxc5 Rxc5 21. Rxc5
Naxc5 22. b4 Na4 23. Rc1 Rd8 24. Rc6 Qb8 25. Qb3 Qe5 26. Rxe6 Qa1+ 27. Kg2 Nd2
28. Rxf6+ Kxf6 29. Qe6+ Kg5 30. Nxg6 Nf3 31. Kxf3 Qh1+ 32. Kg3 Qg1+ 33. Kh3 h5
34. Qe7+ Kh6 35. Ne5 Qxe3+ 36. Bf3 Kh7 37. Qxd8 hxg4+ 38. Kxg4 Qxe5 39. Qd3 Nb2
40. Qe4 Qf6 41. Qe6 Qd4+ 42. Qe4 Qf6 43. Nc6 Nc4 44. Qe6 Qa1 45. Qg6+ Kh8 46.
Qe8+ Kh7 47. Qh5+ Kg8 48. Ne7+ Kf8 49. Ng6+ Ke8 50. Nf4+ Kd8 51. Ne6+ Ke7 52.
Qg5+ Kf7 53. Kh3 Qf1+ 54. Qg2 Qxg2+ 55. Kxg2 Ne3+ 56. Kf2 Nxf5 57. Nc7 Nd4 58.
Be2 Nc2 59. Nxb5 Nxb4 60. a3 Nc6 61. Bf3 Ne5 62. Nxa7 Ke6 63. Nc6 Nc4 64. a4
Kd6 65. Nd4 Kc5 66. Ne6+ Kb4 67. Nxg7 Kxa4 68. h4 Ne5 69. h5 Nf7 70. Bd5 Nh6
71. Ke3 Kb5 72. Kf4 Kc5 73. Ke4 1-0

[Event "DM i Hurtigskak 2021"]
[Site "Hvidovre"]
[Date "2021.11.28"]
[Round "4"]
[White "Vasli, Aref"]
[Black "Laursen, Niels Norskov"]
[Result "1-0"]
[WhiteElo "2466"]
[BlackElo "2250"]
[PlyCount "85"]
[EventDate "2021.11.28"]
[EventType "swiss (rapid)"]
[EventRounds "7"]
[EventCountry "DEN"]

1. e4 c5 2. Nf3 e6 3. d4 cxd4 4. Nxd4 a6 5. Nc3 Qc7 6. g3 Bb4 7. Bd2 Nf6 8. Bg2
Nc6 9. Nxc6 bxc6 10. O-O Be7 11. Bf4 e5 12. Be3 d6 13. h3 Be6 14. f4 exf4 15.
gxf4 O-O 16. Qf3 Nd7 17. b3 Bf6 18. Bf2 Rfe8 19. Rad1 Nf8 20. e5 dxe5 21. Ne4
Nd7 22. f5 Bd5 23. c4 Bxe4 24. Qxe4 Rac8 25. c5 Be7 26. b4 Nf6 27. Qc4 e4 28.
Rfe1 Nd5 29. Rxe4 Rcd8 30. Rde1 Qd7 31. Qxa6 Nc3 32. R4e3 Nd1 33. Qxc6 Qxf5 34.
Rf3 Qc2 35. Bg3 Kf8 36. Bd6 Bxd6 37. Rxe8+ Rxe8 38. Qxd6+ Kg8 39. Qd7 Re1+ 40.
Kh2 h6 41. Qxf7+ Kh8 42. Qf8+ Kh7 43. Qf5+ 1-0

[Event "DM i Hurtigskak 2021"]
[Site "Hvidovre"]
[Date "2021.11.28"]
[Round "4"]
[White "Andersen, Mads"]
[Black "Meskenas, Paulius"]
[Result "1-0"]
[WhiteElo "2491"]
[BlackElo "2029"]
[PlyCount "85"]
[EventDate "2021.11.28"]
[EventType "swiss (rapid)"]
[EventRounds "7"]
[EventCountry "DEN"]

1. Nf3 Nf6 2. c4 c5 3. g3 g6 4. Bg2 Bg7 5. Nc3 O-O 6. d4 d6 7. d5 e5 8. O-O a6
9. a4 Nbd7 10. e4 h6 11. Nh4 Nh7 12. Be3 Ndf6 13. h3 Bd7 14. Qd2 g5 15. Nf5
Bxf5 16. exf5 Qd7 17. g4 Rae8 18. Ne4 Nxe4 19. Bxe4 b6 20. b4 Rb8 21. Rfb1 Rfd8
22. f3 Nf6 23. Kg2 Qa7 24. h4 Nxe4 25. fxe4 f6 26. a5 Qc7 27. axb6 Rxb6 28.
bxc5 dxc5 29. hxg5 Rxb1 30. Rxb1 hxg5 31. Qb2 Bf8 32. Qb6 Qxb6 33. Rxb6 Ra8 34.
d6 a5 35. Bxc5 a4 36. Ba3 Ra7 37. c5 Kf7 38. c6 Bxd6 39. Bxd6 a3 40. Rb7+ Rxb7
41. cxb7 a2 42. b8=Q a1=Q 43. Qf8# 1-0

[Event "DM i Hurtigskak 2021"]
[Site "Hvidovre"]
[Date "2021.11.28"]
[Round "4"]
[White "Thybo, Jesper Sondergaard"]
[Black "Nielsen, Viktor Haarmark"]
[Result "1-0"]
[WhiteElo "2480"]
[BlackElo "2241"]
[PlyCount "145"]
[EventDate "2021.11.28"]
[EventType "swiss (rapid)"]
[EventRounds "7"]
[EventCountry "DEN"]

1. d4 Nf6 2. c4 g6 3. Nc3 d5 4. Nf3 Bg7 5. Bg5 Ne4 6. Bf4 Nxc3 7. bxc3 c5 8.
cxd5 Qxd5 9. e3 O-O 10. Be2 Bf5 11. O-O Nc6 12. c4 Qd8 13. d5 Na5 14. Nd2 e5
15. Bg3 b6 16. e4 Bd7 17. f4 f6 18. fxe5 fxe5 19. Rxf8+ Qxf8 20. Bg4 Qd6 21.
Bxd7 Qxd7 22. Qe2 Re8 23. Rf1 Nb7 24. Nf3 Qg4 25. Qd3 Nd6 26. Re1 h6 27. Kf2
Kh7 28. h3 Qd7 29. Qc2 Re7 30. Kg1 Qb7 31. Qa4 Qc7 32. Bh4 Rf7 33. Nd2 Qd7 34.
Qxd7 Rxd7 35. Rf1 Kg8 36. Rf3 a6 37. a4 a5 38. Rb3 Nc8 39. g4 Bf8 40. Nf3 Bd6
41. Kg2 Kg7 42. Bg3 Re7 43. h4 Bc7 44. Rb1 Re8 45. Kf2 Re7 46. Ke2 Re8 47. Kd3
Re7 48. Rb2 Re8 49. Rf2 Re7 50. h5 g5 51. Nd2 Nd6 52. Nf1 Re8 53. Ne3 Re7 54.
Bh2 Re8 55. Rf1 Re7 56. Ke2 Re8 57. Nf5+ Nxf5 58. exf5 Kf6 59. Ke3 Bd6 60. Ke4
Rb8 61. Rb1 Rb7 62. Bg3 Rb8 63. Be1 Kf7 64. Bc3 Kf6 65. Rb2 Kf7 66. f6 Kxf6 67.
Rf2+ Ke7 68. Bxe5 Bxe5 69. Kxe5 Re8 70. d6+ Kd7+ 71. Kd5 Re1 72. Rf7+ Ke8 73.
Rh7 1-0

[Event "DM i Hurtigskak 2021"]
[Site "Hvidovre"]
[Date "2021.11.28"]
[Round "4"]
[White "Kistrup, Nicolai"]
[Black "Bromann, Thorbjorn"]
[Result "1-0"]
[WhiteElo "2229"]
[BlackElo "2419"]
[PlyCount "97"]
[EventDate "2021.11.28"]
[EventType "swiss (rapid)"]
[EventRounds "7"]
[EventCountry "DEN"]

1. d4 g6 2. e4 Bg7 3. Nc3 d6 4. Be3 a6 5. Nf3 b5 6. Bd3 Bb7 7. O-O Nd7 8. a4 b4
9. Ne2 Ngf6 10. Ng3 c5 11. c3 a5 12. e5 dxe5 13. dxe5 Bxf3 14. Qxf3 Nxe5 15.
Bb5+ Kf8 16. Qe2 bxc3 17. Bxc5 cxb2 18. Qxb2 Nd3 19. Bxd3 Qxd3 20. Bxe7+ Kxe7
21. Qb7+ Nd7 22. Rfe1+ Be5 23. Rxe5+ Kf6 24. Rd5 Qc3 25. Rad1 Qb4 26. Rxd7 Rhf8
27. Ne4+ Kg7 28. Qxb4 axb4 29. Nc5 Rfc8 30. Ne6+ Kf6 31. Nc7 Rxa4 32. f4 Ra2
33. Nd5+ Kg7 34. Nxb4 Ra4 35. Nd3 Rc2 36. Ne5 Rxf4 37. Rf1 Rxf1+ 38. Kxf1 Kf6
39. Nxf7 Rc5 40. Nd8 h5 41. Rf7+ Ke5 42. Rd7 Kf6 43. Rd2 Rc1+ 44. Kf2 g5 45.
Nb7 Rh1 46. h3 Rb1 47. Nc5 Rc1 48. Ne4+ Kf5 49. Ng3+ 1-0

[Event "DM i Hurtigskak 2021"]
[Site "Hvidovre"]
[Date "2021.11.28"]
[Round "4"]
[White "Ramkilde, Mikael"]
[Black "Kristensen, Kaare Hove"]
[Result "0-1"]
[WhiteElo "1924"]
[BlackElo "2277"]
[PlyCount "116"]
[EventDate "2021.11.28"]
[EventType "swiss (rapid)"]
[EventRounds "7"]
[EventCountry "DEN"]

1. e4 c5 2. Nf3 Nc6 3. Bb5 Nf6 4. e5 Nd5 5. c4 Nc7 6. Ba4 g6 7. O-O Bg7 8. Re1
O-O 9. Nc3 Ne6 10. Bxc6 dxc6 11. Ne4 b6 12. b4 Ba6 13. bxc5 Bxc4 14. cxb6 axb6
15. Qc2 Qd3 16. Qxd3 Bxd3 17. Re3 Rfd8 18. h4 Bc4 19. a3 Nf4 20. Bb2 Nd3 21.
Bc3 Rd5 22. e6 f5 23. Neg5 Bxc3 24. dxc3 Rd6 25. h5 Kg7 26. h6+ Kg8 27. Nd2 Ba6
28. Ndf3 c5 29. Nf7 Rd5 30. Rd1 Nf4 31. Rd2 Rxd2 32. Nxd2 Bc8 33. Ng5 Rxa3 34.
Nc4 Ra1+ 35. Kh2 Rb1 36. g3 Nd5 37. Rd3 Bb7 38. Ne5 Rb3 39. Nc4 Rxc3 40. Rxc3
Nxc3 41. Nxb6 Ne4 42. Nxe4 Bxe4 43. Kg1 Bb1 44. Nd5 Kf8 45. Nc3 Bc2 46. Kf1 Bb3
47. Ke1 Bxe6 48. Kd2 Kf7 49. f4 Kf6 50. Ke3 g5 51. Na4 c4 52. Nc5 Bf7 53. Nd7+
Ke6 54. Nc5+ Kd5 55. Nd7 gxf4+ 56. gxf4 Kd6 57. Nf8 Bg8 58. Kd4 e6 0-1

[Event "DM i Hurtigskak 2021"]
[Site "Hvidovre"]
[Date "2021.11.28"]
[Round "4"]
[White "Eriksson, Christian Altenburg"]
[Black "Jorgensen, Dennis"]
[Result "1/2-1/2"]
[WhiteElo "2078"]
[BlackElo "2220"]
[PlyCount "99"]
[EventDate "2021.11.28"]
[EventType "swiss (rapid)"]
[EventRounds "7"]
[EventCountry "DEN"]

1. e4 c6 2. d4 d5 3. exd5 cxd5 4. Bd3 Nc6 5. c3 Qc7 6. Ne2 Bg4 7. O-O e6 8. Qe1
Nf6 9. Bg5 Bxe2 10. Qxe2 Bd6 11. g3 O-O-O 12. Nd2 h6 13. Bxf6 gxf6 14. b4 Kb8
15. a4 h5 16. a5 h4 17. Kg2 Rdg8 18. Qf3 f5 19. Nb3 Rg7 20. b5 Nd8 21. b6 axb6
22. axb6 Qxb6 23. Nc5 Bxc5 24. dxc5 Qc7 25. Bb5 hxg3 26. fxg3 Rgh7 27. Rh1 f4
28. Qxf4 Qxf4 29. gxf4 Rg8+ 30. Kf2 Rh4 31. Ra4 Rgg4 32. Kf3 e5 33. Rd1 Rxf4+
34. Rxf4 Rxf4+ 35. Kg3 Ne6 36. Rxd5 Re4 37. Bd3 Re3+ 38. Kf2 Rh3 39. Bf5 Rxh2+
40. Kg3 Re2 41. Kf3 Re1 42. Kf2 Rc1 43. Bxe6 fxe6 44. Rxe5 Rxc3 45. Ke2 Kc7 46.
Kd2 Rc4 47. Kd3 Rc1 48. Kd2 Rc4 49. Kd3 Rc1 50. Kd2 1/2-1/2

[Event "DM i Hurtigskak 2021"]
[Site "Hvidovre"]
[Date "2021.11.28"]
[Round "4"]
[White "Ostergaard, Jens"]
[Black "Olesen, Poul Erik Norgaard"]
[Result "1-0"]
[WhiteElo "2210"]
[BlackElo "1993"]
[PlyCount "69"]
[EventDate "2021.11.28"]
[EventType "swiss (rapid)"]
[EventRounds "7"]
[EventCountry "DEN"]

1. d4 Nf6 2. Nf3 g6 3. c4 Bg7 4. Nc3 d6 5. e4 O-O 6. Be2 e5 7. O-O Nc6 8. Be3
exd4 9. Nxd4 Bd7 10. f3 a6 11. Qd2 Re8 12. Rfd1 Qe7 13. Rac1 Rad8 14. Nxc6 bxc6
15. Bg5 Qf8 16. Qf4 Re6 17. Qd2 h6 18. Be3 Ree8 19. Qc2 Rb8 20. b3 Qe7 21. Bf2
Nh5 22. g3 f5 23. Bd3 Qg5 24. exf5 gxf5 25. Kh1 Nf6 26. Ne2 d5 27. cxd5 Nxd5
28. Bc4 Be6 29. Nd4 Bxd4 30. Bxd4 Ne3 31. Bxe3 Qxe3 32. Qxf5 Bxc4 33. Rxc4 Kg7
34. Rg4+ Kh8 35. Qf6+ 1-0

[Event "DM i Hurtigskak 2021"]
[Site "Hvidovre"]
[Date "2021.11.28"]
[Round "5"]
[White "Vasli, Aref"]
[Black "Bjerre, Jonas Buhl"]
[Result "0-1"]
[WhiteElo "2466"]
[BlackElo "2434"]
[PlyCount "50"]
[EventDate "2021.11.28"]
[EventType "swiss (rapid)"]
[EventRounds "7"]
[EventCountry "DEN"]

1. e4 c5 2. Nf3 d6 3. Bb5+ Bd7 4. a4 Nf6 5. d3 g6 6. O-O Bg7 7. e5 dxe5 8. Nxe5
O-O 9. Re1 Bf5 10. a5 Nbd7 11. a6 Nxe5 12. axb7 Rb8 13. Rxe5 Qc7 14. Rxf5 gxf5
15. Ba6 Ng4 16. g3 Bd4 17. Qf3 Qe5 18. Kg2 Bxf2 19. Nd2 Qe1 20. Nf1 Bd4 21. c3
Ne5 22. Qxf5 Qe2+ 23. Kh3 Nf3 24. Bh6 Ng1+ 25. Kh4 Bf6+ 0-1

[Event "DM i Hurtigskak 2021"]
[Site "Hvidovre"]
[Date "2021.11.28"]
[Round "5"]
[White "Hector, Jonny"]
[Black "Kistrup, Nicolai"]
[Result "1-0"]
[WhiteElo "2508"]
[BlackElo "2229"]
[PlyCount "65"]
[EventDate "2021.11.28"]
[EventType "swiss (rapid)"]
[EventRounds "7"]
[EventCountry "DEN"]

1. e4 e5 2. Nf3 Nc6 3. Nc3 Nf6 4. d4 exd4 5. Nd5 Nxd5 6. exd5 Bb4+ 7. Bd2 Qe7+
8. Qe2 Bxd2+ 9. Kxd2 Nb4 10. Qxe7+ Kxe7 11. Re1+ Kf6 12. Bc4 b5 13. Bxb5 Nxd5
14. Nxd4 Rb8 15. Bc4 Nb6 16. Be2 Bb7 17. Rhg1 Rhe8 18. Nb5 a6 19. Nxc7 Re5 20.
Bd3 Rxe1 21. Rxe1 Bxg2 22. f4 Nd5 23. Ne8+ Rxe8 24. Rxe8 Nxf4 25. Bxa6 g5 26.
a4 h5 27. a5 h4 28. Be2 Nxe2 29. Kxe2 Bb7 30. Rb8 Ba6+ 31. Kf2 Kf5 32. Rb6 Bc4
33. a6 1-0

[Event "DM i Hurtigskak 2021"]
[Site "Hvidovre"]
[Date "2021.11.28"]
[Round "5"]
[White "Thybo, Jesper Sondergaard"]
[Black "Andersen, Mads"]
[Result "0-1"]
[WhiteElo "2480"]
[BlackElo "2491"]
[PlyCount "100"]
[EventDate "2021.11.28"]
[EventType "swiss (rapid)"]
[EventRounds "7"]
[EventCountry "DEN"]

1. d4 d5 2. Nf3 Nf6 3. c4 c6 4. Nc3 e6 5. Bg5 Nbd7 6. e3 Qa5 7. Nd2 Bb4 8. Rc1
Ne4 9. Ndxe4 dxe4 10. Bh4 Qxa2 11. Qc2 Nb6 12. Kd1 Bxc3 13. bxc3 Qxc2+ 14. Kxc2
c5 15. Ra1 Bd7 16. Kb3 Bc6 17. Be2 f6 18. Bg3 Ke7 19. Ra5 Nd7 20. Rha1 a6 21.
f3 g5 22. R5a2 Rhc8 23. Rd2 exf3 24. gxf3 b5 25. cxb5 axb5 26. Rxa8 Rxa8 27. e4
e5 28. d5 c4+ 29. Kb2 Bb7 30. h4 h6 31. Bf1 Kd6 32. hxg5 hxg5 33. Rh2 Nc5 34.
Rh6 Rf8 35. Bh3 Nd3+ 36. Kc2 Kc5 37. Rh7 Ba6 38. Ra7 Kb6 39. Re7 b4 40. cxb4
Nxb4+ 41. Kc3 Nd3 42. Bh2 Rb8 43. Bg1+ Ka5 44. d6 Rb3+ 45. Kd2 Rb2+ 46. Kc3
Rb3+ 47. Kd2 c3+ 48. Kc2 Ka4 49. Ra7 Nb4+ 50. Kd1 Rb1# 0-1

[Event "DM i Hurtigskak 2021"]
[Site "Hvidovre"]
[Date "2021.11.28"]
[Round "5"]
[White "Kristensen, Kaare Hove"]
[Black "Ostergaard, Jens"]
[Result "1-0"]
[WhiteElo "2277"]
[BlackElo "2210"]
[PlyCount "74"]
[EventDate "2021.11.28"]
[EventType "swiss (rapid)"]
[EventRounds "7"]
[EventCountry "DEN"]

1. Nf3 Nf6 2. c4 g6 3. Nc3 Bg7 4. e4 d6 5. d4 O-O 6. Be2 e5 7. O-O Nc6 8. dxe5
Nxe5 9. Bf4 Nfd7 10. Qd2 Nxf3+ 11. Bxf3 Ne5 12. Be2 Be6 13. b3 c6 14. Rad1 Qa5
15. Na4 Qxd2 16. Rxd2 Rfd8 17. Rfd1 Kf8 18. Rxd6 Rxd6 19. Rxd6 Ke7 20. Rd1 b6
21. Bg5+ f6 22. Be3 Rd8 23. Rxd8 Kxd8 24. Nb2 f5 25. exf5 Bxf5 26. Nd1 c5 27.
Bd2 Nc6 28. Bf3 Nd4 29. Bd5 a5 30. Nc3 Be5 31. f4 Bf6 32. Kf2 Nc2 33. h3 h5 34.
Ne4 Bh4+ 35. g3 Be7 36. Kg2 Nb4 37. Kf2 Nc2 1-0

[Event "DM i Hurtigskak 2021"]
[Site "Hvidovre"]
[Date "2021.11.28"]
[Round "5"]
[White "Gregor, Bjarke"]
[Black "Sorensen, Reto Utiger"]
[Result "0-1"]
[WhiteElo "2085"]
[BlackElo "2024"]
[PlyCount "84"]
[EventDate "2021.11.28"]
[EventType "swiss (rapid)"]
[EventRounds "7"]
[EventCountry "DEN"]

1. e4 e5 2. Nf3 Nc6 3. Bc4 Nf6 4. d3 Be7 5. O-O O-O 6. Re1 d6 7. a4 h6 8. c3
Bg4 9. h3 Bd7 10. Nbd2 Na5 11. Ba2 c5 12. Nf1 Qc8 13. b4 Nc6 14. b5 Nd8 15. d4
Be6 16. d5 Bd7 17. Bc4 Nh7 18. Ng3 f5 19. exf5 Bxf5 20. Nxe5 Bf6 21. Nxf5 Qxf5
22. Ng4 Bxc3 23. Bxh6 Nf7 24. Be3 Rae8 25. Bd3 Qh5 26. Nh6+ Qxh6 27. Bxh6 Rxe1+
28. Qxe1 Bxe1 29. Be3 Bc3 30. Rc1 Bf6 31. Rc4 Ne5 32. Bxh7+ Kxh7 33. Rc2 Rf7
34. f4 Nd3 35. g3 Re7 36. Bf2 Re4 37. a5 Ra4 38. b6 Rxa5 39. bxa7 Rxa7 40. Kg2
b5 41. Kf3 Nb4 42. Bxc5 Ra3+ 0-1

[Event "DM i Hurtigskak 2021"]
[Site "Hvidovre"]
[Date "2021.11.28"]
[Round "5"]
[White "Laursen, Niels Norskov"]
[Black "Nielsen, Viktor Haarmark"]
[Result "1/2-1/2"]
[WhiteElo "2250"]
[BlackElo "2241"]
[PlyCount "65"]
[EventDate "2021.11.28"]
[EventType "swiss (rapid)"]
[EventRounds "7"]
[EventCountry "DEN"]

1. e4 e5 2. Nf3 Nc6 3. Bb5 a6 4. Ba4 Nf6 5. O-O Be7 6. Re1 b5 7. Bb3 d6 8. a4
Bd7 9. d3 O-O 10. c3 Na5 11. Bc2 c5 12. Nbd2 h6 13. d4 Qc7 14. Nf1 Rfc8 15. d5
c4 16. Ng3 Nb7 17. Nh4 Nxd5 18. exd5 Bxh4 19. Nf5 Qd8 20. Qg4 Bg5 21. f4 exf4
22. h4 g6 23. hxg5 Bxf5 24. Bxf5 gxf5 25. Qxf4 Qxg5 26. Qh2 Qg4 27. Qxh6 Qg6
28. Qh4 Re8 29. Bg5 Nc5 30. Bf6 Qh7 31. Qg5+ Qg6 32. Qh4 Qh7 33. Qg5+ 1/2-1/2

[Event "DM i Hurtigskak 2021"]
[Site "Hvidovre"]
[Date "2021.11.28"]
[Round "5"]
[White "Falkesgaard, Jeppe Hald"]
[Black "Bromann, Thorbjorn"]
[Result "0-1"]
[WhiteElo "1944"]
[BlackElo "2419"]
[PlyCount "84"]
[EventDate "2021.11.28"]
[EventType "swiss (rapid)"]
[EventRounds "7"]
[EventCountry "DEN"]

1. d4 g6 2. c4 Bg7 3. Nc3 d6 4. e4 e5 5. d5 f5 6. f3 Nf6 7. Be2 O-O 8. Be3 c6
9. Qd2 cxd5 10. cxd5 a6 11. Nh3 fxe4 12. fxe4 Bxh3 13. gxh3 Nh5 14. Bg5 Bf6 15.
h4 Nf4 16. Rg1 Bxg5 17. hxg5 Nd7 18. O-O-O Nc5 19. h4 Rc8 20. Kb1 Nh3 21. Rg3
Nf2 22. Bg4 Ncxe4 23. Nxe4 Nxe4 24. Qe3 Nxg3 25. Qxg3 Rc4 26. Be6+ Kg7 27. h5
gxh5 28. Rg1 Qe8 29. Qd3 Qg6 30. Qxg6+ hxg6 31. b3 Rc5 32. Rg2 Rf3 33. Kb2 b5
34. Rd2 b4 35. Re2 a5 36. Bd7 Rg3 37. Bc6 Rxg5 38. a3 bxa3+ 39. Kxa3 Rg3 40.
Ka4 h4 41. Rf2 Rg4+ 42. Ka3 Rf4 0-1

[Event "DM i Hurtigskak 2021"]
[Site "Hvidovre"]
[Date "2021.11.28"]
[Round "5"]
[White "Jorgensen, Dennis"]
[Black "Meskenas, Paulius"]
[Result "1-0"]
[WhiteElo "2220"]
[BlackElo "2029"]
[PlyCount "73"]
[EventDate "2021.11.28"]
[EventType "swiss (rapid)"]
[EventRounds "7"]
[EventCountry "DEN"]

1. d4 Nf6 2. Nf3 d5 3. c4 c6 4. e3 g6 5. Nc3 Bg7 6. Be2 O-O 7. O-O b6 8. b3 Bb7
9. Bb2 Nbd7 10. Rc1 Rc8 11. b4 Ne4 12. cxd5 cxd5 13. Qb3 e6 14. Rc2 Qe7 15.
Rfc1 Nd6 16. Nd2 h6 17. b5 Nf6 18. Ba3 Qd7 19. Bb4 Rfd8 20. Qa3 Bf8 21. Nf3 Nc4
22. Bxc4 Bxb4 23. Qxb4 Rxc4 24. Qa3 Qc8 25. Ne5 Rc7 26. f3 a5 27. bxa6 Bxa6 28.
Qb2 Qb7 29. Ne4 Rxc2 30. Nxf6+ Kg7 31. Rxc2 Kxf6 32. Rc6 b5 33. Qa3 Ra8 34. Qd6
Ra7 35. Qf8 Ra8 36. Ng4+ Kf5 37. Qxh6 1-0

[Event "DM i Hurtigskak 2021"]
[Site "Hvidovre"]
[Date "2021.11.28"]
[Round "6"]
[White "Bjerre, Jonas Buhl"]
[Black "Kristensen, Kaare Hove"]
[Result "1-0"]
[WhiteElo "2434"]
[BlackElo "2277"]
[PlyCount "39"]
[EventDate "2021.11.28"]
[EventType "swiss (rapid)"]
[EventRounds "7"]
[EventCountry "DEN"]

1. d4 Nf6 2. Nf3 b6 3. g3 Bb7 4. Bg2 g6 5. O-O Bg7 6. c4 O-O 7. d5 Ne4 8. Qc2
f5 9. Nc3 Nxc3 10. bxc3 Na6 11. Be3 Nc5 12. Bxc5 bxc5 13. Rab1 Rb8 14. Qa4 a6
15. Rb3 Ba8 16. Rxb8 Qxb8 17. Qxd7 Bf6 18. Qe6+ Kg7 19. Ne5 Qc8 20. Nd7 1-0

[Event "DM i Hurtigskak 2021"]
[Site "Hvidovre"]
[Date "2021.11.28"]
[Round "6"]
[White "Andersen, Mads"]
[Black "Hector, Jonny"]
[Result "1-0"]
[WhiteElo "2491"]
[BlackElo "2508"]
[PlyCount "115"]
[EventDate "2021.11.28"]
[EventType "swiss (rapid)"]
[EventRounds "7"]
[EventCountry "DEN"]

1. Nf3 d5 2. e3 Nf6 3. c4 c6 4. Nc3 e6 5. b3 Bd6 6. d4 Ne4 7. Nxe4 dxe4 8. Nd2
f5 9. c5 Bc7 10. b4 Nd7 11. b5 Nf6 12. bxc6 bxc6 13. Qa4 Bd7 14. Nc4 O-O 15.
Bd2 Nd5 16. g3 Qe7 17. Be2 e5 18. Nxe5 Bxe5 19. dxe5 Qxe5 20. Rb1 Kh8 21. O-O
Be8 22. Rb7 a5 23. Rfb1 Qe6 24. Qd4 Qg6 25. Rb8 Bf7 26. Rxa8 Rxa8 27. Rb7 h5
28. h4 Rg8 29. a4 Qe6 30. Bc4 Kh7 31. Bxa5 Ra8 32. Bc3 Nxc3 33. Bxe6 Ne2+ 34.
Kg2 Nxd4 35. Bxf7 Nf3 36. Bxh5 Ne5 37. Re7 Nd3 38. Re6 Nxc5 39. Rxc6 Nxa4 40.
Bg6+ Kg8 41. Bxf5 Kf7 42. Bxe4 Ra5 43. h5 Nc5 44. Bg6+ Kf8 45. Rc8+ Ke7 46.
Rc7+ Nd7 47. Rb7 Ke6 48. e4 Kd6 49. f4 Kc6 50. Rb2 Nf6 51. e5 Ng4 52. Kh3 Ne3
53. Rb3 Nf1 54. Rd3 Ra2 55. Be4+ Kc7 56. Bg2 Nd2 57. e6 Nb1 58. Rd7+ 1-0

[Event "DM i Hurtigskak 2021"]
[Site "Hvidovre"]
[Date "2021.11.28"]
[Round "6"]
[White "Sorensen, Reto Utiger"]
[Black "Vasli, Aref"]
[Result "0-1"]
[WhiteElo "2024"]
[BlackElo "2466"]
[PlyCount "46"]
[EventDate "2021.11.28"]
[EventType "swiss (rapid)"]
[EventRounds "7"]
[EventCountry "DEN"]

1. c4 e5 2. g3 Nf6 3. Nc3 Bb4 4. Nd5 Nxd5 5. cxd5 O-O 6. Bg2 d6 7. Nf3 f5 8.
O-O h6 9. a3 Ba5 10. d3 Nd7 11. e3 Nf6 12. b4 Bb6 13. Qb3 a5 14. Bb2 Qe8 15.
Nd2 f4 16. exf4 exf4 17. Qc4 Ng4 18. Bd4 Qh5 19. h3 fxg3 20. fxg3 Ne3 21. Rxf8+
Kxf8 22. Qc3 axb4 23. Qxb4 Nc2 0-1

[Event "DM i Hurtigskak 2021"]
[Site "Hvidovre"]
[Date "2021.11.28"]
[Round "6"]
[White "Laursen, Niels Norskov"]
[Black "Thybo, Jesper Sondergaard"]
[Result "0-1"]
[WhiteElo "2250"]
[BlackElo "2480"]
[PlyCount "62"]
[EventDate "2021.11.28"]
[EventType "swiss (rapid)"]
[EventRounds "7"]
[EventCountry "DEN"]

1. e4 c5 2. Nf3 d6 3. d4 cxd4 4. Nxd4 Nf6 5. Nc3 Nc6 6. Be2 g6 7. Nb3 Bg7 8.
O-O O-O 9. Re1 b6 10. Bf1 Bb7 11. Bg5 h6 12. Be3 Kh7 13. h3 Rc8 14. Qd2 Ne5 15.
Bd4 Nc4 16. Bxc4 Rxc4 17. Qd3 Qc8 18. Nb5 a6 19. Na3 Ra4 20. f3 e5 21. Bxb6 d5
22. exd5 Nxd5 23. Bc5 Nf4 24. Qf1 Rd8 25. Rad1 Rxd1 26. Rxd1 e4 27. Nc4 exf3
28. gxf3 Nxh3+ 29. Kh2 Ng5 30. Ncd2 Rh4+ 31. Kg1 Nh3+ 0-1

[Event "DM i Hurtigskak 2021"]
[Site "Hvidovre"]
[Date "2021.11.28"]
[Round "6"]
[White "Bromann, Thorbjorn"]
[Black "Iskos, Lukas"]
[Result "1-0"]
[WhiteElo "2419"]
[BlackElo "1902"]
[PlyCount "35"]
[EventDate "2021.11.28"]
[EventType "swiss (rapid)"]
[EventRounds "7"]
[EventCountry "DEN"]

1. c4 e5 2. g3 Nc6 3. Bg2 f5 4. Nc3 Nf6 5. d3 d5 6. Nxd5 Nxd5 7. Bxd5 Nb4 8.
Bg2 Bc5 9. a3 Na6 10. b4 Bd4 11. Rb1 O-O 12. Nf3 e4 13. dxe4 Bxf2+ 14. Kxf2
Qxd1 15. Rxd1 fxe4 16. Kg1 exf3 17. Bxf3 Be6 18. Bxb7 1-0

[Event "DM i Hurtigskak 2021"]
[Site "Hvidovre"]
[Date "2021.11.28"]
[Round "6"]
[White "Kistrup, Nicolai"]
[Black "Jorgensen, Dennis"]
[Result "0-1"]
[WhiteElo "2229"]
[BlackElo "2220"]
[PlyCount "134"]
[EventDate "2021.11.28"]
[EventType "swiss (rapid)"]
[EventRounds "7"]
[EventCountry "DEN"]

1. d4 Nf6 2. c4 e6 3. g3 d5 4. Bg2 Be7 5. Nf3 O-O 6. O-O dxc4 7. Qc2 a6 8. a4
Bd7 9. Qxc4 Bc6 10. Bf4 Bd6 11. Qc1 Nbd7 12. Nc3 Qe7 13. Bxd6 cxd6 14. Re1 Rac8
15. Qd2 Ne4 16. Nxe4 Bxe4 17. Qb4 Nf6 18. Rac1 Qd7 19. Nd2 Bxg2 20. Kxg2 Rc6
21. Rc4 Rfc8 22. Rec1 h6 23. Qb3 R8c7 24. R1c3 Qc8 25. Qc2 Nd5 26. Rxc6 bxc6
27. Rc4 Nf6 28. Kg1 Qb7 29. Qb3 Qa7 30. Qa3 d5 31. Rb4 a5 32. Rb3 Qxd4 33. Rb8+
Kh7 34. Qd3+ Qxd3 35. exd3 Nd7 36. Ra8 Rb7 37. b3 Nc5 38. Rxa5 Nxb3 39. Nxb3
Rxb3 40. Rc5 Rxd3 41. Rxc6 Ra3 42. Ra6 Kg6 43. Ra7 Kf6 44. Kf1 Ra2 45. Kg2 Ra3
46. h4 h5 47. Kf1 e5 48. Ra6+ Kf5 49. Ra7 f6 50. Rxg7 Rxa4 51. Rh7 Kg6 52. Rd7
d4 53. Ke2 Kf5 54. Rh7 Ra2+ 55. Ke1 Kg4 56. Rf7 f5 57. Rf8 d3 58. Rf7 e4 59.
Rf8 Ra5 60. Rh8 Kf3 61. Rxh5 Ra1+ 62. Kd2 Ra2+ 63. Kd1 Rxf2 64. Rxf5+ Kxg3 65.
Re5 Kf4 66. Re8 Ke3 67. Ke1 d2+ 0-1

[Event "DM i Hurtigskak 2021"]
[Site "Hvidovre"]
[Date "2021.11.28"]
[Round "6"]
[White "Nielsen, Viktor Haarmark"]
[Black "Pedersen, Jan Nordenbaek"]
[Result "1-0"]
[WhiteElo "2241"]
[BlackElo "2180"]
[PlyCount "109"]
[EventDate "2021.11.28"]
[EventType "swiss (rapid)"]
[EventRounds "7"]
[EventCountry "DEN"]

1. e4 c5 2. Nf3 Nc6 3. d4 cxd4 4. Nxd4 Nf6 5. Nc3 e5 6. Ndb5 d6 7. Bg5 a6 8.
Na3 b5 9. Nd5 Be7 10. Bxf6 Bxf6 11. c4 b4 12. Nc2 O-O 13. g3 a5 14. Bg2 Be6 15.
O-O Rc8 16. Qd3 g6 17. Rad1 Bg7 18. b3 f5 19. exf5 gxf5 20. f4 Qd7 21. Kh1 Qa7
22. Qe3 Qxe3 23. Ndxe3 exf4 24. gxf4 Rfd8 25. Bd5 Bxd5+ 26. Rxd5 Ne7 27. Rxa5
d5 28. Nxb4 dxc4 29. Nxc4 Bc3 30. Rb5 Rd4 31. Nc2 Rd5 32. Rg1+ Kf8 33. Rxd5
Nxd5 34. Rg5 Ne7 35. N2e3 Rc5 36. a4 h6 37. Rg2 Nd5 38. Rc2 Bb4 39. Ne5 Rxc2
40. Nxc2 Bd2 41. Nd3 Ke7 42. Nd4 Kf6 43. Ne2 Ke6 44. Kg2 Kd6 45. Kf3 Ne7 46.
Kg3 Ng6 47. Kf3 Kd5 48. Ng3 Ne7 49. Ke2 Bc3 50. Nf1 Ke4 51. b4 Nd5 52. b5 Ba5
53. Ng3+ Kd4 54. Nxf5+ Kc4 55. Ne3+ 1-0

[Event "DM i Hurtigskak 2021"]
[Site "Hvidovre"]
[Date "2021.11.28"]
[Round "6"]
[White "Ostergaard, Jens"]
[Black "Gregor, Bjarke"]
[Result "1-0"]
[WhiteElo "2210"]
[BlackElo "2085"]
[PlyCount "59"]
[EventDate "2021.11.28"]
[EventType "swiss (rapid)"]
[EventRounds "7"]
[EventCountry "DEN"]

1. d4 Nf6 2. Nf3 e6 3. c4 Bb4+ 4. Bd2 Qe7 5. g3 b6 6. Bg2 Bb7 7. O-O Bxd2 8.
Nbxd2 O-O 9. Qc2 d6 10. e4 e5 11. d5 a5 12. b3 Bc8 13. Ne1 Nh5 14. Nd3 Na6 15.
a3 f5 16. exf5 Bxf5 17. Ne4 Nc5 18. Ndxc5 bxc5 19. Qc3 Bxe4 20. Bxe4 Qg5 21.
Bg2 Rf6 22. b4 axb4 23. axb4 Raf8 24. bxc5 e4 25. Rae1 Rf3 26. Qc2 e3 27. Bxf3
Rxf3 28. Qe4 Rf8 29. f4 Nxg3 30. Qe6+ 1-0